Statistics for Persona Nickname Quiz

Click here to take the quiz!

General Stats

  • This quiz has been taken 39 times
  • The average score is 24 of 33

Answer Stats

NicknameCharacter% Correct
*Bear Puns Intensify*Teddie
87%
Pancakes?Goro Akechi
84%
Depresso EspressoMakoto Yuki
84%
Sweet, but DeadlyHaru Okumura
81%
The Ace DefectiveJunpei Iori
81%
A Literal DogKoromaru
81%
SENPAI!?Rise Kujikawa
81%
*Laughs Intensify*Yukiko Amagi
81%
Protein KingAkihiko Sanada
77%
Sugar Level LowAnn Takamaki
77%
Carnivorous CanibalChie Satonaka
77%
Wholesome "Gang Member"Kanji Tatsumi
77%
Totally A BoyNaoto Shirogane
77%
"I'm Not Gay!"Yosuke Hanamura
77%
Ms. 50% AccuracyYukari Takeba
77%
Specialist ChadYu Narukami
77%
Requires NudesYusuke Kitagawa
77%
Toaster ToasterAigis
74%
A Literal RedditorFutaba Sakura
74%
HaremF*cker249Ren Amamiya
74%
"No One Knows I'm a Phantom Thief."Ryuji Sakamoto
74%
Little B*tch BoyKen Amada
71%
Invisible StalkerMakoto Niijima
71%
Human SimpMorgana
71%
The ExecutionerMitsuru Kirijo
68%
Weapon: Bare HandFuuka Yamagishi
65%
Not FemcSumire Yoshizawa
61%
Not Canon PedophileKotone Shiomi
58%
The Answer Who?Metis
58%
You see that ___?Shinjiro Aragaki
58%
Joker's Virtual GirlfriendSophia
52%
"___ has turned into a bad girl!" - YukariLabrys
42%
Japanese BatmanZenkichi Hasegawa
39%

Score Distribution

Percentile by Number Answered

Percent of People with Each Score

Your Score History

You have not taken this quiz